Parallel programming : techniques and applications using networked workstations and parallel computers /

This book is divided into two parts: Basic Techniques; and Algotithms and Applications in Parallel Programming.

Salvato in:
Dettagli Bibliografici
Autore principale: Wilkinson, Barry.
Altri autori: Allen, Michael.
Natura: Libro
Lingua:English
Pubblicazione: Upper Saddle River, N.J. : Prentice-Hall, 1999.
Soggetti:
Tags: Aggiungi Tag
Nessun Tag, puoi essere il primo ad aggiungerne! !
Thư viện lưu trữ: Mạng thư viện Đại học Đà Nẵng
LEADER 01098cam a2200349 i 4500
001 000047510
003 7195
005 20030312144241.0
008 010323|1999 vm 000 eng
020 |a 0136717101 
040 |a IRC  |c IRC  |d IRC 
041 0 |a eng 
082 1 4 |a 004.35  |b WI-B 
100 1 |a Wilkinson, Barry. 
245 0 0 |a Parallel programming :  |b techniques and applications using networked workstations and parallel computers /  |c Barry Wilkinson, Michael Allen. 
260 |a Upper Saddle River, N.J. :  |b Prentice-Hall,  |c 1999. 
300 |a 431 p. ;  |c 23.5cm. 
520 3 |a This book is divided into two parts: Basic Techniques; and Algotithms and Applications in Parallel Programming. 
630 0 4 |a Computer science. 
630 0 4 |a Parallel programming. 
650 0 4 |a Parallel programming (Computer science) 
700 1 |a Allen, Michael. 
OWN |a DUT 
999 |a From the UDN01 
TYP |a Monograph 
TYP |a Printed language 
980 |a Mạng thư viện Đại học Đà Nẵng